000 00681nam a2200229Ia 4500
003 OSt
005 20220918183609.0
006 a|||||r|||| 00| 0
007 ta
008 220917b |||||||| |||| 00| 0 eng d
024 _a39,209
037 _cTextual
040 _aARTS
_cARTS
_beng
041 _2eng
_aeng
082 _aO15v2:N5, 111J6 (TTPS),111J6;1 (GE)
100 _aMacDonell A A
245 0 _aIndia's past
_b a survey of her literatures, religions, languages and antiquities
260 _c1956
650 _aENGLISH LITERATURE
942 _hO15v2:N5, 111J6 (TTPS),111J6;1 (GE)
_cTEXL
_2CC
999 _c173187
_d173187